Bytový dom
Gespeichert in:
| 1. Verfasser: | |
|---|---|
| Weitere Verfasser: | |
| Format: | Manuskript Buch |
| Sprache: | Slowakisch |
| Veröffentlicht: |
2025
|
| Schlagworte: | |
| Online-Zugang: | http://is.stuba.sk/zp/portal_zp.pl?podrobnosti=185105 CRZP |
| Tags: |
Keine Tags, Fügen Sie das erste Tag hinzu!
|
MARC
| LEADER | 00000ntm a22000003a 4500 | ||
|---|---|---|---|
| 001 | stuzp104405 | ||
| 003 | SK-STU | ||
| 005 | 20250728141522.9 | ||
| 007 | ta | ||
| 008 | 150427s2015----xo-----f-mn---000-0-slo-d | ||
| 040 | |a STU |b slo | ||
| 041 | 0 | |a slo | |
| 100 | 1 | |a Poprocká, Natália |u 010180 |4 aut |U SvF Stavebná fakulta |T SvF Katedra konštrukcií pozemných stavieb |X 128399 |U V180 |Y 18 |7 128399 | |
| 242 | 0 | 1 | |a Residential building |y eng |
| 245 | 1 | 0 | |a Bytový dom |
| 260 | |c 2025 | ||
| 650 | 4 | |a novostavba |2 slo | |
| 650 | 4 | |a projekt na realizáciu stavby |2 slo | |
| 650 | 4 | |a bytový dom |2 slo | |
| 650 | 4 | |a polyfunkcia |2 slo | |
| 650 | 4 | |a mixed-use functionality |2 eng | |
| 650 | 4 | |a new construction |2 eng | |
| 650 | 4 | |a the residential building |2 eng | |
| 650 | 4 | |a design project for construction realization |2 eng | |
| 700 | 1 | |a Palková, Adela |u 010180 |k Z1 |4 ths |U SvF Stavebná fakulta |T SvF Katedra konštrukcií pozemných stavieb |X 38081 |U V180 |Y 18 |7 A000038081 | |
| 856 | 4 | |u http://is.stuba.sk/zp/portal_zp.pl?podrobnosti=185105 | |
| 856 | 4 | |u https://opac.crzp.sk/?fn=detailBiblioForm&sid=976842DB397D7CF048BEC72D89DF |z CRZP | |